| 000 | 005150000a22001810004500 | ||
|---|---|---|---|
| 003 | MACL | ||
| 005 | 20160610125628.0 | ||
| 008 | 160610b xxu||||| |||| 00| 0 eng d | ||
| 040 |
_aMACL _cmacl |
||
| 041 | _aHindi | ||
| 082 | _a800 | ||
| 100 |
_aलाल, अमृत _963799 |
||
| 245 |
_aअब तो हद हो गई _cअमृत लाल |
||
| 260 |
_bसारांश्ा _c1999 _aनई दिल्ली |
||
| 350 | _a100 | ||
| 650 |
_aLiterature _963800 |
||
| 942 |
_cHIN _k800 _2ddc |
||
| 999 |
_c30218 _d30218 |
||